[Event "El Prat de Llobregat op-B 1st"]
[Site "El Prat de Llobregat"]
[Date "2019.12.08"]
[Round "6"]
[White "Palacios Pena, Gerardo"]
[Black "Venturino, Federico"]
[Result "1/2-1/2"]
[WhiteElo "1791"]
[BlackElo "1895"]
[PlyCount "56"]
[EventDate "2019.12.03"]
[EventType "swiss"]
[EventRounds "9"]
[EventCountry "ESP"]
[SourceTitle "CBM 193 Extra"]
[Source "ChessBase"]
[SourceDate "2020.01.31"]
[SourceVersion "1"]
[SourceVersionDate "2020.01.31"]
[SourceQuality "1"]

1. d4 d5 2. Nf3 Nf6 3. Bf4 c5 4. c3 Nc6 5. e3 Qb6 6. Qb3 c4 7. Qc2 Bf5 8. Qc1 e6 9. h3 h6 10. Nbd2 Be7 11. Be2 0-0 12. 0-0 Rfc8 13. Bd1 Qd8 14. Bc2 Bxc2 15. Qxc2 b5 16. a3 a5 17. e4 b4 18. Rfe1 Qb6 19. Ne5 Nxe5 20. Bxe5 Nxe4 21. Nxe4 dxe4 22. axb4 axb4 23. Qxe4 Rxa1 24. Rxa1 bxc3 25. bxc3 Bd6 26. Rb1 Qa6 27. Bxd6 Qxd6 28. Rb4 Qd5 1/2-1/2

[Event "Novara op 1st"]
[Site "Novara"]
[Date "2011.11.06"]
[Round "4"]
[White "Bonade, Massimo"]
[Black "Venturino, Federico"]
[Result "1/2-1/2"]
[WhiteElo "2080"]
[BlackElo "1861"]
[PlyCount "71"]
[EventDate "2011.11.04"]
[EventType "swiss"]
[EventRounds "5"]
[EventCountry "ITA"]
[SourceTitle "EXT 2012"]
[Source "ChessBase"]
[SourceDate "2011.11.24"]
[SourceVersion "1"]
[SourceVersionDate "2011.11.24"]
[SourceQuality "1"]

1. d4 d5 2. c4 e6 3. Nc3 Nf6 4. cxd5 exd5 5. Bg5 Be7 6. Qc2 c6 7. e3 Nbd7 8. Bd3 0-0 9. Nge2 Re8 10. h3 Nf8 11. 0-0-0 Ne4 12. Bxe7 Qxe7 13. Bxe4 dxe4 14. g4 f5 15. gxf5 Bxf5 16. Ng3 Bg6 17. h4 h6 18. h5 Bh7 19. Kb1 b5 20. d5 Rac8 21. dxc6 Rxc6 22. Qb3+ Kh8 23. Qxb5 Rb6 24. Qe2 Reb8 25. Rd2 Bg8 26. Ka1 Qb4 27. Ngxe4 Bc4 28. Qg4 Ra6 29. Rg1 Ne6 30. Qg3 Qb3 31. a3 Rb7 32. Qe5 Bd3 33. Qd5 Bc4 34. Qe5 Bd3 35. Qd5 Bc4 36. Qe5 1/2-1/2

[Event "Novara op 1st"]
[Site "Novara"]
[Date "2011.11.04"]
[Round "1"]
[White "Venturino, Federico"]
[Black "Boschetti, Claudio"]
[Result "0-1"]
[WhiteElo "1861"]
[BlackElo "2125"]
[PlyCount "98"]
[EventDate "2011.11.04"]
[EventType "swiss"]
[EventRounds "5"]
[EventCountry "ITA"]
[SourceTitle "EXT 2012"]
[Source "ChessBase"]
[SourceDate "2011.11.24"]
[SourceVersion "1"]
[SourceVersionDate "2011.11.24"]
[SourceQuality "1"]

1. d4 b5 2. Nf3 Bb7 3. Bf4 Nf6 4. e3 a6 5. Be2 d6 6. c4 bxc4 7. Bxc4 e6 8. Nbd2 Nbd7 9. 0-0 Be7 10. h3 0-0 11. Rc1 c5 12. dxc5 d5 13. Be2 Nxc5 14. Be5 a5 15. Bb5 Qb6 16. a4 Rfc8 17. Bd4 Ba6 18. Bxa6 Qxa6 19. Bxc5 Bxc5 20. Nb3 Be7 21. Nbd4 Rxc1 22. Qxc1 Rc8 23. Qb1 Qc4 24. b3 Qc5 25. Qd3 Qb6 26. Qb5 Qc7 27. Qa6 Bb4 28. Ne5 Re8 29. Nd3 Bd2 30. Qc6 Qxc6 31. Nxc6 Ne4 32. Rd1 Kf8 33. f3 Bxe3+ 34. Kh2 Nc3 35. Ra1 Bb6 36. b4 Ra8 37. b5 f6 38. f4 Kf7 39. Nb2 h5 40. g3 h4 41. g4 Bc7 42. Nd3 g5 43. Kg2 gxf4 44. Kf3 e5 45. Nc5 e4+ 46. Kf2 Bb6 47. Ke1 Bxc5 48. Kd2 d4 49. Re1 f3 0-1

[Event "Asti Alfieri Memorial 5th"]
[Site "Asti"]
[Date "2010.04.16"]
[Round "1"]
[White "Venturino, Federico"]
[Black "Omeri, Silvan"]
[Result "0-1"]
[WhiteElo "1884"]
[BlackElo "2227"]
[PlyCount "145"]
[EventDate "2010.04.16"]
[EventType "swiss"]
[EventRounds "5"]
[EventCountry "ITA"]
[SourceTitle "EXT 2024"]
[Source "ChessBase"]
[SourceDate "2023.10.10"]
[SourceVersion "1"]
[SourceVersionDate "2023.10.10"]
[SourceQuality "1"]

1. d4 Nf6 2. Nf3 e6 3. c4 c5 4. d5 exd5 5. cxd5 d6 6. Nc3 g6 7. g3 Bg7 8. Bg2 0-0 9. 0-0 Re8 10. Re1 Ne4 11. Nxe4 Rxe4 12. Qc2 Bf5 13. Ng5 Re8 14. e4 Na6 15. a3 Nc7 16. Bf4 Bc8 17. Rac1 Nb5 18. Nf3 Bg4 19. a4 Bxf3 20. axb5 Bxg2 21. Kxg2 h6 22. b3 a6 23. bxa6 Rxa6 24. b4 cxb4 25. Bd2 Qa5 26. Qc4 Rb6 27. Re3 Qb5 28. Qxb5 Rxb5 29. Rb1 b3 30. Rbxb3 Rxb3 31. Rxb3 Rxe4 32. Rxb7 Rd4 33. Bf4 Rxd5 34. Rd7 Bf8 35. Rd8 g5 36. Bc1 Rd1 37. Be3 Kg7 38. h4 Be7 39. Rd7 Bf6 40. hxg5 hxg5 41. Bc5 d5 42. Be7 g4 43. Bxf6+ Kxf6 44. Ra7 Ke6 45. Ra2 Ke5 46. f3 gxf3+ 47. Kxf3 Rd3+ 48. Kf2 Kf5 49. Ra8 f6 50. Rf8 Ra3 51. Rd8 Ke5 52. Re8+ Kd4 53. Rf8 Ra6 54. Ke2 Re6+ 55. Kd2 Ke4 56. Ke2 d4 57. Rd8 Ra6 58. Re8+ Kf5 59. g4+ Kf4 60. Kd2 Ra2+ 61. Kd3 Ra3+ 62. Kxd4 Kxg4 63. Rf8 f5 64. Ke5 Re3+ 65. Kd4 Re7 66. Rg8+ Kf3 67. Rf8 f4 68. Rd8 Kg3 69. Kd3 f3 70. Ra8 Kg2 71. Rg8+ Kf1 72. Rg6 f2 73. Kd2 0-1

[Event "Asti op 4th"]
[Site "Asti"]
[Date "2009.04.18"]
[Round "4"]
[White "Venturino, Federico"]
[Black "Porzio, Massimo"]
[Result "1-0"]
[WhiteElo "1877"]
[BlackElo "1901"]
[PlyCount "93"]
[EventDate "2009.04.16"]
[EventType "swiss"]
[EventRounds "6"]
[EventCountry "ITA"]
[SourceTitle "CBM 130 Extra"]
[Source "ChessBase"]
[SourceDate "2009.07.02"]
[SourceVersion "2"]
[SourceVersionDate "2009.07.15"]
[SourceQuality "1"]

1. d4 Nf6 2. Nf3 d5 3. c4 e6 4. Bg5 Be7 5. e3 h6 6. Bh4 Ne4 7. Bxe7 Qxe7 8. Nc3 Qb4 9. Qb3 Qxb3 10. axb3 Nxc3 11. bxc3 dxc4 12. Bxc4 Nd7 13. e4 Nf6 14. Nd2 a6 15. 0-0 Bd7 16. e5 Nd5 17. Bxd5 exd5 18. f4 Bf5 19. h3 h5 20. b4 Bd3 21. Rf3 Bc2 22. f5 h4 23. Rc1 Ba4 24. f6 g6 25. Rf4 Bc6 26. Nf3 a5 27. bxa5 Rxa5 28. Rxh4 Rxh4 29. Nxh4 Ra3 30. Nf3 Bb5 31. h4 Bd3 32. Kh2 Ra2 33. Kh3 Rc2 34. Rxc2 Bxc2 35. g4 b6 36. h5 gxh5 37. gxh5 Bd1 38. h6 Bc2 39. Ng5 c5 40. dxc5 bxc5 41. h7 Bxh7 42. Nxh7 c4 43. Kg3 d4 44. Kf3 d3 45. Ng5 Kf8 46. Ke3 Ke8 47. Ne4 1-0

[Event "Asti Alfieri Memorial 3rd"]
[Site "Asti"]
[Date "2008.03.28"]
[Round "2"]
[White "Venturino, Federico"]
[Black "Torrione, William"]
[Result "0-1"]
[WhiteElo "1913"]
[BlackElo "1917"]
[PlyCount "112"]
[EventDate "2008.03.27"]
[EventType "swiss"]
[EventRounds "6"]
[EventCountry "ITA"]
[SourceTitle "EXT 2011"]
[Source "ChessBase"]
[SourceDate "2010.11.26"]
[SourceVersion "1"]
[SourceVersionDate "2010.11.26"]
[SourceQuality "1"]

1. d4 f5 2. c4 Nf6 3. Nc3 e6 4. Bg5 Be7 5. e3 b6 6. Nf3 Bb7 7. Bd3 0-0 8. 0-0 d6 9. Re1 Ne4 10. Bxe7 Qxe7 11. Bxe4 fxe4 12. Nd2 Qf7 13. Rf1 Qg6 14. Qc2 Nd7 15. Ne2 c5 16. Nf4 Qf5 17. d5 exd5 18. cxd5 Nf6 19. Nc4 Rfd8 20. Rad1 Nxd5 21. Qb3 Qf7 22. Na5 bxa5 23. Nxd5 Bxd5 24. Qxd5 Qxd5 25. Rxd5 Rab8 26. b3 Kf7 27. Rc1 Ke6 28. Rh5 h6 29. Rc4 Rb4 30. Rc1 a4 31. Rc3 axb3 32. axb3 Rdb8 33. Rh4 a5 34. f3 exf3 35. Rxb4 axb4 36. Rc4 fxg2 37. Kxg2 Rf8 38. Rg4 g5 39. h4 gxh4 40. Rxh4 Rf6 41. Kg3 Ke5 42. Rc4 Rf1 43. Rh4 Rb1 44. Kf3 Rxb3 45. Rh5+ Ke6 46. Rxh6+ Kd5 47. Ke2 c4 48. Rh5+ Kc6 49. Kd2 Rb2+ 50. Kc1 Re2 51. Rh4 d5 52. Rh6+ Kc5 53. Re6 c3 54. Re8 Kc4 55. Rc8+ Kb3 56. Kd1 Rxe3 0-1